Saturday Night Live (SNL) Weekend Update Anchors - Statistics

General Stats
  • This quiz has been taken 478 times
  • The average score is 11 of 22
Answer Stats
Years active Performer % Correct
1997–2006 Tina Fey
91%
2001–2014 Seth Meyers
85%
2001–2008 Amy Poehler
84%
1975–1976 Chevy Chase
83%
1998–2004 Jimmy Fallon
77%
2014–present Colin Jost
76%
1993–1998 Norm Macdonald
69%
2012–present Cecily Strong
61%
1975–1980 Jane Curtin
61%
1985–1991 Dennis Miller
53%
1995–2000 Colin Quinn
52%
1986–1995 Kevin Nealon
51%
1977–1980 Bill Murray
47%
1975–1979 Dan Aykroyd
46%
1980–1981 Charles Rocket
28%
1998–2006 Horatio Sanz
19%
1982–1984 Brad Hall
18%
1984–1985 Christopher Guest
14%
1984–1985 Billy Crystal
11%
1981–1985 Mary Gross
11%
1981–1982 Christine Ebersole
8%
1980–1981 Gail Matthius
7%
No matching quizzes found
Score Distribution
Percent of People with Each Score
Percentile by Number Answered
Your Score History
You have not taken this quiz